000 00401nam a2200145 i 4500
001 64132
003 ES-MaACL
007 t|
008 031222s1914 it ||||1| ita d
100 1 _aFlamini, Mario.
_951109
245 1 0 _aManuale di Pediatría practica /
_cMario Flamini.
260 _aRoma :
_b[Societá Cartiere Centrali,
_c1914]
300 _aXV, 541 p. ;
_c15 cm.
852 _aES-MaACL
_jG-13764
999 _c64132
_d64132